ESSENTIAL PSYCHOPHARMACOLOGY PRESCRIBER'S GUIDE (Record no. 14970)

MARC details
000 -LEADER
fixed length control field 00307nam a22001337a 4500
003 - CONTROL NUMBER IDENTIFIER
control field SGT
082 ## - DEWEY DECIMAL CLASSIFICATION NUMBER
Classification number 150
Item number E17S
100 ## - MAIN ENTRY--PERSONAL NAME
Personal name STAHL, STEPHEN M.
245 ## - TITLE STATEMENT
Title ESSENTIAL PSYCHOPHARMACOLOGY PRESCRIBER'S GUIDE
250 ## - EDITION STATEMENT
Edition statement 6TH
260 ## - PUBLICATION, DISTRIBUTION, ETC. (IMPRINT)
Place of publication, distribution, etc INDIA
Name of publisher, distributor, etc CAMBRIDGE UNI
Year of Publication 2017
300 ## - PAGE DESCRIPTION
No. of Pages 868
942 ## - ADDED ENTRY ELEMENTS (KOHA)
Source of classification or shelving scheme Dewey Decimal Classification
Koha item type Books
Holdings
Withdrawn status Lost status Source of classification or shelving scheme Damaged status Not for loan Collection code Home library Current library Shelving location Date acquired Vendor Name SGTU Total Checkouts Full call number Accession No. (Barcode) Date last seen Bill Date Koha item type
    Dewey Decimal Classification     MEDICAL SGT Medical Library SGT Medical Library Text Book 31/01/2018 ABC SGTU   150 E17S FM9930 31/01/2018 31/01/2018 Books